| 000 | 00724nas a2200229 4500 | ||
|---|---|---|---|
| 001 | BR7600514 | ||
| 003 | BR-BrBNA | ||
| 005 | 20231205082903.0 | ||
| 007 | ta | ||
| 008 | 230509b bl.|||p| |||| 00| 00por d | ||
| 040 |
_aBR-BrBNA _bpor _cBiblioteca Nacional de Agricultura |
||
| 041 | _a(Pt) | ||
| 072 | _aF22 | ||
| 100 | 1 | _aPerecin, D. | |
| 100 | 1 | _aCampos, D.A.F. | |
| 245 | 1 | _aCalculo de volume de constituintes atraves de microscopia, 2: Influencia de distribuicoes interferidas e amostragem [Iluviacao de argila; Solo] | |
| 650 | _aSOLO ARGILOSO | ||
| 650 | _aARGILA | ||
| 773 | 0 |
_tCientifica (Brazil) _x _g(1975), v. 3(2) p. 246-253 _wBR7600514 |
|
| 909 |
_a202311 _bLúcia _c55 _dLúcia Elande |
||
| 942 |
_2AGRIS _n0 _cANA |
||
| 999 |
_c94859 _d94859 |
||